Ładuje się......

Practice as research: in performance and screen /

Opis bibliograficzny
Kolejni autorzy: Allegue, Ludivine (Jones, Simon), Kershaw, Baz (Piccini, Angela)
Format: Printed Book
Język:English
Wydane: New York: Palgrave Macmillan, 2009.
Hasła przedmiotowe:
LEADER 00691 a2200181 4500
008 150103s9999 000 0 eng
020 |a 9780230220010  |c 70 GBP 
082 |a 790.2072 
245 |a Practice as research: in performance and screen / 
260 |a New York:  |b Palgrave Macmillan,  |c 2009. 
300 |a 260 p. 
500 |a Hard bind--With DVD 
650 |a Performing Arts 
700 |a Allegue, Ludivine  |e Jones, Simon 
700 |a Kershaw, Baz  |e Piccini, Angela 
942 |c BK 
999 |c 307634  |d 307634 
952 |0 0  |1 0  |2 ddc  |4 0  |6 790_207200000000000_ALL_PR  |7 0  |9 353034  |a DRA  |b DRA  |c ST1  |d 2015-10-19  |i 8818  |l 2  |m 1  |o 790.2072 ALL/PR  |p DRA8818  |q 2021-12-18  |r 2021-08-17  |s 2021-08-17  |v 5425.00  |w 2015-10-19  |y BK